| 000 | 00668nam a2200229 4500 | ||
|---|---|---|---|
| 003 | OSt | ||
| 005 | 20160505184555.0 | ||
| 008 | 160505b xxu||||| |||| 00| 0 eng d | ||
| 020 | _a8122415601 | ||
| 040 | _c040a | ||
| 082 |
_a541 _bDAS 2005 |
||
| 100 |
_aDas, Ishwar _98510 |
||
| 245 |
_aAn introduction to physical chemistry / _cIshwar Das, Archana Sharma, Namita Rani Agrawal |
||
| 250 | _a2nd.ed | ||
| 260 |
_aNew Delhi _bNew Age International _c2005 |
||
| 300 |
_axiii, 347p; _bill : _c12 cm |
||
| 504 | _aIncludes index | ||
| 650 |
_aPhysical chemistry _91450 |
||
| 700 |
_aSharma, Archana _98511 |
||
| 700 |
_aAgrawal, Namita Rani _98512 |
||
| 942 |
_2ddc _cSLOAN |
||
| 999 |
_c3878 _d3878 |
||